[Event "Challenge"]
[Site "http://www.queenalice.com/game.php?id=786917"]
[Date "2010.6.7"]
[Round "-"]
[White "simmy100"]
[Black "holly2106"]
[Result "1-0"]
[WhiteElo "1613"]
[BlackElo "1326"]

1. e4 c5 2. Nf3 d6 3. d4 cxd4 4. Nxd4 Nf6 5. Nc3 a6 6. Be3 e6 7. Qd2 Be7 8. f3
O-O 9. O-O-O Qc7 10. h4 Nc6 11. g4 Ne5 12. Bh3 Nc4 13. Qd3 Nxe3 14. Qxe3 e5 15.
Nde2 Be6 16. g5 Nh5 17. Nd5 Bxd5 18. Rxd5 g6 19. Bg4 Ng7 20. Qd3 Ne6 21. Rd1
Rac8 22. Kb1 Qc4 23. Qxc4 Rxc4 24. c3 Rfc8 25. Rh1 R8c5 26. Rhd1 Rxd5 27. Rxd5
Nc7 28. Rd1 Kg7 29. Bc8 b5 30. Rg1 a5 31. b3 Rc5 32. Bb7 Ne6 33. Bd5 Bd8 34. Kc2
Bb6 35. Rd1 b4 36. Bxe6 fxe6 37. Rxd6 bxc3 38. Rxb6 a4 39. Rxe6 axb3+ 40. axb3
Kf7 41. Ra6 Rc7 42. Nxc3 1-0

[Event "Let's Play Chess!"]
[Site "http://www.queenalice.com/game.php?id=786971"]
[Date "2010.6.7"]
[Round "-"]
[White "Trevorking"]
[Black "holly2106"]
[Result "1-0"]
[WhiteElo "1777"]
[BlackElo "1500"]

1. e4 c5 2. Nc3 Nc6 3. g3 e6 4. d3 Nf6 5. Bg2 Be7 6. Nge2 O-O 7. O-O a6 8. a4
Qc7 9. f4 d6 10. h3 Bd7 11. g4 Rac8 12. Be3 Nb4 13. Ng3 Bc6 14. g5 Nd7 15. Nce2
a5 16. c3 Na6 17. f5 exf5 18. Nxf5 Nb6 19. Neg3 d5 20. Bf4 Qd7 21. Qg4 dxe4 22.
Nxe4 Nd5 23. Nf6+ Bxf6 24. gxf6 g6 25. Nh6+ Kh8 26. Qxd7 Bxd7 27. Bxd5 Bxh3 28.
Nxf7+ Rxf7 29. Bxf7 Bxf1 30. Bh6 Rg8 31. Bxg8 Kxg8 32. Rxf1 Kf7 33. Be3 b6 34.
d4 c4 35. d5 1-0

[Event "Let's Play Chess!"]
[Site "http://www.queenalice.com/game.php?id=786975"]
[Date "2010.6.7"]
[Round "-"]
[White "mattiazap"]
[Black "holly2106"]
[Result "1-0"]
[WhiteElo "1629"]
[BlackElo "1358"]

1. e4 c5 2. d4 cxd4 3. c3 d3 4. Bxd3 Nc6 5. Nf3 Qc7 6. O-O e6 7. Bb5 Nf6 8. Re1
Be7 9. e5 Nd5 10. Bg5 a6 11. Bd3 Bxg5 12. Nxg5 Nxe5 13. Bxh7 Nf6 14. f4 Neg4 15.
Qd4 b5 16. h3 Nh6 17. Qd3 Bb7 18. Rd1 Nxh7 19. Nxh7 Qc6 20. Rd2 Nf5 21. Ng5 d5
22. Nf3 Qc5+ 23. Nd4 Nd6 24. b4 Qb6 25. Re2 Ne4 26. Nd2 f5 27. Nxe4 dxe4 28. Qg3
O-O-O 29. Qxg7 Rdg8 30. Qf7 Bd5 31. Kh2 Rf8 32. Qg7 Qc7 33. Qxc7+ Kxc7 34. Nb3
Kb6 35. Nc5 a5 36. Nd7+ Ka6 37. Nxf8 Rxf8 38. a3 a4 39. g4 fxg4 40. hxg4 Rxf4
41. g5 Kb6 42. g6 e5 43. g7 Rg4 44. Rg2 Rxg2+ 45. Kxg2 e3+ 46. Kh3 Kc6 47. Kh4
Kd7 48. Rd1 e2 49. Rxd5+ Ke6 50. g8=Q+ 1-0

[Event "Challenge"]
[Site "http://www.queenalice.com/game.php?id=794580"]
[Date "2010.6.24"]
[Round "-"]
[White "JackieR"]
[Black "holly2106"]
[Result "0-1"]
[WhiteElo "1701"]
[BlackElo "1497"]

1. e4 c5 2. Nc3 Nc6 3. Bc4 e6 4. a3 Nf6 5. d3 Be7 6. Nf3 d6 7. d4 cxd4 8. Nxd4
O-O 9. Be3 a6 10. Qf3 Qc7 11. Qg3 g6 12. O-O-O Nh5 13. Qf3 Ne5 14. Qe2 Nxc4 15.
Bh6 Rd8 16. Nf3 Nxa3 17. Qd2 Nc4 18. Qd4 Bf6 19. Qd3 Ne5 20. Qe3 Ng4 21. Qd2
Nxh6 22. Qxh6 Bg7 23. Qg5 Bf6 24. Qe3 Bxc3 25. bxc3 d5 26. g4 Nf6 27. h3 dxe4
28. g5 Nh5 29. Qxe4 Bd7 30. Qb4 Bc6 31. Qg4 Bxf3 32. Qxf3 Qf4+ 33. Qxf4 Nxf4 34.
Rde1 a5 35. Re4 Nd5 36. Kb2 Rac8 37. c4 Nb4 38. c3 Nd3+ 39. Kb3 Nxf2 40. Rhe1
Nxe4 41. Rxe4 Rc5 42. h4 Rdc8 43. Rd4 Kg7 44. Re4 b5 45. cxb5 Rxb5+ 46. Ka4 Rbc5
47. c4 Rxc4+ 48. Rxc4 Rxc4+ 49. Kxa5 Rxh4 50. Kb5 Rh5 51. Kc4 Rxg5 52. Kd4 h5
53. Ke3 h4 54. Kf4 f6 55. Kf3 h3 56. Ke4 h2 57. Kf4 e5+ 58. Ke4 h1=Q+ 59. Ke3
Rg4 60. Ke2 Qh3 61. Kd2 Rg2+ 0-1

[Event "Challenge"]
[Site "http://www.queenalice.com/game.php?id=795484"]
[Date "2010.6.26"]
[Round "-"]
[White "REDWOLF"]
[Black "holly2106"]
[Result "0-1"]
[WhiteElo "1588"]
[BlackElo "1303"]

1. e4 c5 2. Bc4 e6 3. Nf3 a6 4. O-O b5 5. Be2 Bb7 6. d3 d5 7. exd5 Bxd5 8. c4
Bb7 9. Ne5 Nf6 10. Bh5 g6 11. Bf3 Qc7 12. Be3 Nbd7 13. Nxd7 Nxd7 14. cxb5 axb5
15. Bxb7 Qxb7 16. Nc3 Bg7 17. Ne4 O-O 18. d4 Qxe4 19. dxc5 Ne5 20. Rc1 Nc6 21.
Re1 Rfd8 22. Qb3 Qb4 23. Qxb4 Nxb4 24. Bg5 Rd5 25. Be3 Bxb2 26. Rb1 Nd3 27. Red1
Rxa2 28. c6 Ra8 29. c7 Rc8 30. Bb6 b4 31. Rd2 Ba3 32. Rbd1 Nf4 33. g3 Rxd2 34.
Rxd2 Nd5 35. Ba5 b3 36. Rd1 b2 37. f3 Nxc7 38. Kf1 Nd5 39. Bd2 Rc1 40. Bxc1 b1=Q
0-1

[Event "Challenge"]
[Site "http://www.queenalice.com/game.php?id=811874"]
[Date "2010.8.1"]
[Round "-"]
[White "carlosufpe"]
[Black "holly2106"]
[Result "0-1"]
[WhiteElo "1576"]
[BlackElo "1418"]

1. e4 c5 2. Nf3 d6 3. Nc3 a6 4. Nd5 e6 5. Nf4 Nf6 6. e5 dxe5 7. Nxe5 Bd6 8. Qe2
O-O 9. d3 Bxe5 10. Qxe5 Nc6 11. Qxc5 Qc7 12. Ne2 b6 13. Qc3 Bb7 14. h3 Rac8 15.
Bd2 Nd5 16. Qa3 Ne5 17. Nc3 b5 18. Nxd5 exd5 19. Be2 d4 20. Bf4 Rfe8 21. Bg3
Qxc2 22. Qb3 Nxd3+ 23. Kf1 Qc1+ 24. Qd1 Qxd1+ 25. Rxd1 Nxb2 26. Rxd4 Rc1+ 27.
Bd1 Rxd1+ 28. Rxd1 Nxd1 29. Kg1 Re1+ 30. Kh2 Rxh1+ 31. Kxh1 Nc3 32. a3 Ne4 33.
Bh4 g5 34. Bg3 Nxg3+ 35. fxg3 a5 36. Kg1 b4 37. axb4 axb4 0-1

[Event "Challenge"]
[Site "http://www.queenalice.com/game.php?id=828056"]
[Date "2010.9.4"]
[Round "-"]
[White "holly2106"]
[Black "Cristina2010"]
[Result "1-0"]
[WhiteElo "1606"]
[BlackElo "1402"]

1. e4 e5 2. Nf3 d6 3. d4 exd4 4. Qxd4 Nc6 5. Bb5 f6 6. O-O Bd7 7. Bxc6 Bxc6 8.
Re1 Qe7 9. Nc3 b6 10. Nd5 Qd7 11. Bf4 g5 12. Bxg5 Bg7 13. Bxf6 Nxf6 14. Nxf6+
Bxf6 15. Qxf6 Rf8 16. Qc3 O-O-O 17. Nd4 Bb7 18. a4 a5 19. b4 axb4 20. Qxb4 Ba6
21. Rab1 d5 22. e5 Rf4 23. e6 Qd6 24. e7 Re8 25. Qxd6 cxd6 26. c3 Kb7 27. Re6
Kc7 28. g3 Re4 29. Re1 Rxe1+ 30. Rxe1 Kd7 31. f4 Rxe7 32. Rxe7+ Kxe7 33. Kf2 Kd7
34. Ke3 Bc4 35. g4 Ke7 36. h4 Ba6 37. g5 Bc8 38. f5 Kf7 39. Kf4 Bd7 40. Nb5 Bxb5
41. axb5 Kg7 42. Ke3 1-0

[Event "Challenge"]
[Site "http://www.queenalice.com/game.php?id=841005"]
[Date "2010.10.2"]
[Round "-"]
[White "Andrei_78"]
[Black "holly2106"]
[Result "0-1"]
[WhiteElo "1705"]
[BlackElo "1626"]

1. e4 c5 2. Nc3 Nc6 3. Bb5 Nd4 4. Bd3 e6 5. Nge2 Be7 6. Nxd4 cxd4 7. Nb5 e5 8.
Qh5 a6 9. Bc4 Nh6 10. Qxe5 axb5 11. Qxg7 Bf6 12. Qxh6 bxc4 13. O-O Ra6 14. d3
cxd3 15. cxd3 Qe7 16. Bf4 Be5 17. Qg5 Qxg5 18. Bxg5 Rg8 19. a3 Rxg5 20. h3 Rgg6
21. f4 Bb8 22. f5 Rgc6 23. Rac1 Rxc1 24. Rxc1 Rc6 25. Rxc6 dxc6 26. Kf2 b6 27.
g4 Ba6 28. Ke2 h6 29. b4 c5 30. bxc5 bxc5 31. h4 f6 32. a4 Kf7 33. h5 Bf4 34.
Kf3 Bg5 35. Ke2 Ke7 36. a5 Kd6 37. Kf3 Bxd3 38. a6 Bxa6 39. e5+ Kxe5 40. Kg3 Ke4
41. Kf2 Kf4 42. Ke1 Ke3 0-1

[Event "Let's Play Chess!"]
[Site "http://www.queenalice.com/game.php?id=851320"]
[Date "2010.10.27"]
[Round "-"]
[White "holly2106"]
[Black "Matrim"]
[Result "1-0"]
[WhiteElo "1670"]
[BlackElo "1951"]

1. e4 e5 2. Nf3 Nf6 3. Nxe5 d6 4. Nf3 Nxe4 5. Nc3 Qe7 6. Qe2 Nxc3 7. dxc3 Bg4 8.
Qxe7+ Bxe7 9. Be2 O-O 10. h3 Bf5 11. Bd3 Bxd3 12. cxd3 c5 13. O-O Nc6 14. Bf4 d5
15. Rfe1 d4 16. c4 Bf6 17. Bd6 Rfc8 18. a3 b6 19. g4 Rd8 20. Bg3 a5 21. Bc7 Rd7
22. Bxb6 Be7 23. Ne5 Nxe5 24. Rxe5 f6 25. Re6 Kf7 26. Rae1 Ra6 27. Rxe7+ Rxe7
28. Rxe7+ Kxe7 29. Bxc5+ Ke6 30. f4 a4 31. Kf2 Ra8 32. Bxd4 Rb8 33. Bc3 h6 34.
Ke3 g6 35. Ke4 Rd8 36. d4 f5+ 37. gxf5+ gxf5+ 38. Kd3 Rg8 39. d5+ Kd6 40. Bb4+
Kd7 41. c5 Rd8 42. Kd4 Kc7 43. Ba5+ 1-0

[Event "Let's Play Chess!"]
[Site "http://www.queenalice.com/game.php?id=864073"]
[Date "2010.11.27"]
[Round "-"]
[White "holly2106"]
[Black "mike52"]
[Result "1-0"]
[WhiteElo "1726"]
[BlackElo "1444"]

1. e4 e5 2. Nf3 a6 3. Bc4 Nc6 4. d4 Nxd4 5. Nxd4 exd4 6. Qxd4 d6 7. O-O f6 8.
Nc3 Ne7 9. Bf4 Ng6 10. Qd5 Nxf4 11. Qf7# 1-0

[Event "Let's Play Chess!"]
[Site "http://www.queenalice.com/game.php?id=864074"]
[Date "2010.11.26"]
[Round "-"]
[White "Slava"]
[Black "holly2106"]
[Result "1-0"]
[WhiteElo "1898"]
[BlackElo "1791"]

1. e4 c5 2. Bc4 e6 3. Nf3 Nc6 4. Nc3 a6 5. d4 cxd4 6. Nxd4 Nf6 7. Bg5 Be7 8.
Nxc6 dxc6 9. Qxd8+ Bxd8 10. O-O-O b5 11. Bb3 O-O 12. e5 Nd5 13. Bxd8 Rxd8 14.
Bxd5 cxd5 15. f4 Bb7 16. Rhg1 Rac8 17. Ne2 Rc7 18. Nd4 Rdc8 19. g4 b4 20. b3 Rc5
21. h4 a5 22. f5 exf5 23. Nxf5 Rxc2+ 24. Kb1 R2c7 25. Nd6 Rd8 26. Rc1 Rcd7 27.
Rc5 f6 28. Nxb7 Rxb7 29. exf6 gxf6 30. Rxa5 d4 31. Kc2 Rc7+ 32. Kd2 d3 33. Rc1
Re7 34. Re1 Rc7 35. Rf1 Kg7 36. g5 fxg5 37. Rxg5+ Kh8 38. Rc1 Re7 39. Rg2 Re4
40. Rc4 Rxc4 41. bxc4 Rd4 42. c5 Rxh4 43. Kxd3 Rh6 44. Kc4 Rc6 45. Kxb4 h6 46.
Kb5 Rc8 47. c6 Rb8+ 48. Kc5 Rb1 49. Rc2 Rb8 50. c7 Rc8 51. Kb6 1-0

[Event "Let's Play Chess!"]
[Site "http://www.queenalice.com/game.php?id=864075"]
[Date "2010.11.26"]
[Round "-"]
[White "Aldino"]
[Black "holly2106"]
[Result "0-1"]
[WhiteElo "2111"]
[BlackElo "1735"]

1. e4 c5 2. Nc3 Nc6 3. Nf3 e6 4. d3 Be7 5. Be3 d6 6. d4 cxd4 7. Nxd4 Nf6 8. Bb5
Bd7 9. O-O O-O 10. Nxc6 Bxc6 11. Bxc6 bxc6 12. Qf3 d5 13. Rfd1 Qc7 14. Bf4 e5
15. Bc1 d4 16. Ne2 c5 17. c4 Qb7 18. Ng3 h6 19. b3 a5 20. Nf5 Nh7 21. Nxe7+ Qxe7
22. Qg3 Kh8 23. Rd3 Ra6 24. Bd2 Rg6 25. Qf3 Ng5 26. Qe2 Qc7 27. Bxg5 Rxg5 28.
Rg3 Rxg3 29. fxg3 Qb7 30. Qd2 Qb6 31. Rf1 f6 32. Rf2 Rb8 33. h3 a4 34. Rf3 Qa6
35. Qc2 axb3 36. axb3 Qa1+ 37. Kh2 Ra8 38. Qd3 Ra2 39. Rf1 Qb2 40. Qf3 Ra3 41.
Rf2 Qxb3 42. Qxb3 Rxb3 0-1

[Event "Let's Play Chess!"]
[Site "http://www.queenalice.com/game.php?id=872454"]
[Date "2010.12.16"]
[Round "-"]
[White "holly2106"]
[Black "Panzer85"]
[Result "1-0"]
[WhiteElo "1779"]
[BlackElo "1740"]

1. e4 e5 2. Nf3 Nc6 3. d4 exd4 4. Bc4 h6 5. Nxd4 Bc5 6. Nxc6 bxc6 7. O-O d6 8.
a3 a6 9. b4 Qf6 10. e5 dxe5 11. Bb2 Bd4 12. Bxd4 exd4 13. Re1+ Ne7 14. Nd2 O-O
15. Nb3 Rd8 16. Qe2 Nd5 17. Bd3 Nf4 18. Qe8+ 1-0

[Event "Let's Play Chess!"]
[Site "http://www.queenalice.com/game.php?id=872788"]
[Date "2010.12.16"]
[Round "-"]
[White "Hoschi"]
[Black "holly2106"]
[Result "0-1"]
[WhiteElo "1534"]
[BlackElo "1808"]

1. e4 c5 2. Bc4 e6 3. Nc3 a6 4. a3 b5 5. Ba2 Bb7 6. d3 Nc6 7. f4 Be7 8. Nf3 b4
9. axb4 Nxb4 10. Bb3 Nf6 11. O-O O-O 12. Be3 d6 13. Rf2 Nd7 14. d4 cxd4 15. Nxd4
Nc5 16. e5 Nxb3 17. Nxb3 dxe5 18. fxe5 Qxd1+ 19. Rxd1 Rad8 20. Bc5 Rxd1+ 21.
Nxd1 Bxc5 22. Nxc5 Bd5 23. Ne3 a5 24. Nxd5 Nxd5 0-1

[Event "Let's Play Chess!"]
[Site "http://www.queenalice.com/game.php?id=872789"]
[Date "2010.12.16"]
[Round "-"]
[White "holly2106"]
[Black "Hoschi"]
[Result "1-0"]
[WhiteElo "1801"]
[BlackElo "1540"]

1. e4 d6 2. d4 g6 3. Nc3 Bg7 4. Be3 Nf6 5. Be2 O-O 6. h4 h5 7. f3 e5 8. g4 Nc6
9. d5 Ne7 10. Qd2 hxg4 11. fxg4 Bxg4 12. Bxg4 Nxg4 13. h5 Nxe3 14. Qxe3 f5 15.
hxg6 Nxg6 16. Qh3 f4 17. Qe6+ Rf7 18. Qxg6 Qf6 19. Qxf6 Rxf6 20. Nf3 Kf7 21.
O-O-O Rh8 22. Rxh8 Bxh8 23. Ng5+ Ke7 24. Rh1 Rf8 25. Ne6 1-0

[Event "Let's Play Chess!"]
[Site "http://www.queenalice.com/game.php?id=881142"]
[Date "2011.1.4"]
[Round "-"]
[White "holly2106"]
[Black "spawnwolfwolverine"]
[Result "1-0"]
[WhiteElo "1815"]
[BlackElo "1653"]

1. e4 e5 2. Nf3 d6 3. d4 exd4 4. Qxd4 Bd7 5. Bg5 Nf6 6. Bxf6 Qxf6 7. Qxf6 gxf6
8. Nc3 Bg7 9. Nd5 Kd8 10. O-O-O c6 11. Ne3 Bg4 12. Be2 Nd7 13. Nxg4 Kc7 14. Nd4
Rhe8 15. Bd3 Ne5 16. Nxe5 fxe5 17. Nf5 Bf6 18. Bc4 Rf8 19. Nxd6 Rad8 20. Nxf7
Rxd1+ 21. Rxd1 b5 22. Bb3 a5 23. Be6 c5 24. Rd7+ Kb6 25. Bf5 h6 26. Rd6+ Kb7 27.
Rxf6 b4 28. Nd6+ Kc6 29. Rxf8 Kxd6 30. Rf6+ Kc7 31. Rxh6 c4 32. b3 cxb3 33. cxb3
a4 34. Re6 axb3 35. axb3 Kb7 36. Rxe5 Kb6 37. Rd5 Ka6 38. h4 Kb6 39. h5 Kc6 40.
h6 Kb6 41. h7 Ka6 42. h8=Q Kb6 43. Qf6+ Kc7 44. Rd7+ Kc8 45. Qf8# 1-0

[Event "Let's Play Chess!"]
[Site "http://www.queenalice.com/game.php?id=881143"]
[Date "2011.1.4"]
[Round "-"]
[White "spawnwolfwolverine"]
[Black "holly2106"]
[Result "0-1"]
[WhiteElo "1538"]
[BlackElo "1853"]

1. d4 e5 2. dxe5 Nc6 3. Bf4 Qe7 4. e3 Nxe5 5. Bxe5 Qxe5 6. Nc3 Bb4 7. Nf3 Bxc3+
8. bxc3 Qxc3+ 9. Nd2 Nf6 10. Bd3 O-O 11. O-O d5 12. Nb3 Be6 13. h3 c5 14. Qd2
Qxd2 15. Nxd2 c4 16. Be2 b5 17. c3 Nd7 18. Bf3 Nc5 19. g4 Rab8 20. e4 dxe4 21.
Bxe4 Nxe4 22. Nxe4 h5 23. f3 hxg4 24. hxg4 Rbd8 25. a4 bxa4 26. Rxa4 Rfe8 27.
Kg2 Bxg4 28. Rxc4 Be6 29. Rd4 Rxd4 30. cxd4 Bc4 31. Ra1 a6 32. Kg3 Rd8 33. Rd1
a5 34. Nc5 a4 35. Nxa4 Bb3 36. Ra1 Ra8 37. Ra3 Bxa4 38. d5 Kf8 39. f4 Bc6 40.
Rxa8+ Bxa8 41. d6 Ke8 42. d7+ Kxd7 43. f5 Kd6 44. Kf4 Bc6 45. Kg5 Ke5 46. f6 g6
47. Kg4 Kxf6 48. Kg3 Kf5 49. Kh4 Kf4 50. Kh3 g5 51. Kh2 g4 52. Kg1 Kg3 53. Kf1
Kh2 54. Kf2 g3+ 55. Kf1 g2+ 56. Ke2 g1=Q 57. Kd3 Qg4 58. Ke3 Qf3+ 59. Kd4 Qe4+
60. Kc3 f5 61. Kb3 Qd4 62. Ka3 Qb6 63. Ka2 Qb4 64. Ka1 Be4 65. Ka2 Kg3 66. Ka1
Qb1# 0-1

[Event "Let's Play Chess!"]
[Site "http://www.queenalice.com/game.php?id=897513"]
[Date "2011.2.8"]
[Round "-"]
[White "holly2106"]
[Black "Esvir"]
[Result "1-0"]
[WhiteElo "1850"]
[BlackElo "1888"]

1. e4 e5 2. Nf3 d6 3. d4 exd4 4. Qxd4 c5 5. Bb5+ Bd7 6. Bxd7+ Qxd7 7. Qd3 Nc6 8.
Be3 Nb4 9. Qb3 Be7 10. Nc3 b5 11. a3 c4 12. Qxb4 a5 13. Qxb5 Qxb5 14. Nxb5 Rc8
15. Nfd4 Nf6 16. f3 O-O 17. Nf5 Rfe8 18. Nbxd6 1-0

[Event "Let's Play Chess!"]
[Site "http://www.queenalice.com/game.php?id=897514"]
[Date "2011.2.8"]
[Round "-"]
[White "Esvir"]
[Black "holly2106"]
[Result "1-0"]
[WhiteElo "1888"]
[BlackElo "1869"]

1. c4 f5 2. Nc3 Nf6 3. d4 e6 4. c5 c6 5. b4 Be7 6. h3 O-O 7. Nf3 d5 8. cxd6 Bxd6
9. b5 Qc7 10. e3 Bd7 11. Bc4 cxb5 12. Bb3 Qxc3+ 13. Bd2 Qc7 14. Rc1 Qb6 15. O-O
Nc6 16. Ng5 Rae8 17. Bc3 a5 18. d5 Nd8 19. dxe6 Bxe6 20. Bxf6 Rxf6 21. Qh5 Kf8
22. Nxh7+ Ke7 23. Nxf6 gxf6 24. Bxe6 Nxe6 25. Qh7+ Kf8 26. Qxf5 Kf7 27. h4 b4
28. Rfd1 Re7 29. h5 Ng5 30. Rc2 Bc5 31. Rxc5 Ne4 32. Qg6+ Ke6 33. Qg8+ Rf7 34.
Qc8+ 1-0

[Event "Let's Play Chess!"]
[Site "http://www.queenalice.com/game.php?id=901786"]
[Date "2011.2.17"]
[Round "-"]
[White "holly2106"]
[Black "spawnwolfwolverine"]
[Result "1-0"]
[WhiteElo "1864"]
[BlackElo "1663"]

1. e4 e5 2. Nf3 d6 3. d4 Bg4 4. dxe5 Bxf3 5. Qxf3 dxe5 6. Bc4 Qf6 7. Qb3 b6 8.
Nc3 Nc6 9. Nd5 Qd8 10. Bb5 Qd6 11. Qc4 Kd7 12. Be3 Nf6 13. Nxf6+ gxf6 14. Rd1
Qxd1+ 15. Kxd1 Bc5 16. Bxc5 bxc5 17. Qd5+ Ke7 18. Qxc6 f5 19. exf5 a6 20. Qxc5+
Kf6 21. Bd3 Rad8 22. Ke2 Rd7 23. Qc6+ Rd6 24. Qxc7 Rhd8 25. Qxd8+ Rxd8 26. f3 a5
27. g4 h6 28. Ke3 Kg5 29. h4+ Kf6 30. a4 Ke7 31. Rd1 f6 32. Be2 Rxd1 33. Bxd1
Kd6 34. Kd3 Kc5 35. c3 Kd5 36. b4 axb4 37. cxb4 Kc6 38. Ke4 Kd6 39. Bb3 Kc6 40.
g5 hxg5 41. h5 g4 42. fxg4 Kd6 43. h6 Kc6 44. h7 Kd6 45. h8=Q Kc6 46. Qxf6+ Kc7
47. Kxe5 Kb7 48. Bd5+ Kc7 49. Qc6+ Kd8 50. Qb7 Ke8 51. Qc7 Kf8 52. Qf7# 1-0

[Event "Let's Play Chess!"]
[Site "http://www.queenalice.com/game.php?id=901787"]
[Date "2011.2.17"]
[Round "-"]
[White "spawnwolfwolverine"]
[Black "holly2106"]
[Result "0-1"]
[WhiteElo "1626"]
[BlackElo "1857"]

1. e4 c5 2. d3 Nc6 3. g3 Nf6 4. Bg2 e5 5. Ne2 Be7 6. O-O O-O 7. Bg5 h6 8. Bxf6
Bxf6 9. Nbc3 d6 10. f4 Bg4 11. Nd5 Nd4 12. Nxf6+ Qxf6 13. f5 Bxe2 14. Qxe2 Nxe2+
15. Kf2 Nd4 16. Rac1 Qg5 17. Bf3 Qd2+ 18. Kg1 Ne2+ 19. Bxe2 Qxe2 20. a3 b5 21.
b4 cxb4 22. axb4 Rfc8 23. c4 Qxd3 24. cxb5 Rxc1 25. Rxc1 Qe3+ 26. Kg2 Qxc1 27.
b6 axb6 28. b5 Ra2+ 29. Kh3 Qf1+ 30. Kh4 Rxh2+ 31. Kg4 Qe2# 0-1